00521nam a2200205 a 4500001001300000003000900013005001700022008004100039020002300080082001500103100001900118245002500137260004400162300000900206500003500215505001500250650001600265650001500281700001900296nice12345678IN_TiNIC20260116011912.0050524s1974 lona grp 000 0 eng  a0191273 c10000a958.1bROB aRobertson, G S aKafirs of Hindu Kush aLondan bOxford University Press c1974 a658p aincludes index and biblioraphy2 aIll, Index aAfghanistan aHindu Kush1 aRobertson, G S